Name that episode when twd characters were introduced - Statistics

General Stats
  • This quiz has been taken 57 times
  • The average score is 11 of 15
Answer Stats
Hint Answer % Correct
Rick 1x1
100%
glenn 1x1
100%
maggie 2x2
93%
dr jenner 1x6
90%
Governor 3x3
86%
Rosita 4x10
71%
Negan 6x16
69%
Michonne 2x13
67%
Aaron 5x10
64%
Jadis 7x10
62%
King 7x2
60%
Princess 10x14
55%
mercer 11x1
55%
Connie 9x5
50%
pamela 11x10
48%
No matching quizzes found
Score Distribution
Percent of People with Each Score
Percentile by Number Answered
Your Score History
You have not taken this quiz